All First-Level Subdivisions of Oceania by First Letter - Statistics

General Stats
  • This quiz has been taken 265 times
  • The average score is 109 of 149
Answers on the Map
Answers color-coded by a green-red scale on the quiz's map according to % correct below.
 
Answer Stats
Country Type Subdivision % Correct
Marshall Islands Municipality Enewetok | Ujelang
98%
Samoa District Va'a-o-Fonoti
97%
United States Territory American Samoa
95%
Palau State Angaur
94%
Nauru District Nibok
94%
Palau State Kayangel
93%
Papua New Guinea Province Chimbu
92%
United States Territory Northern Mariana Islands
90%
Samoa District Faʻasaleleaga
89%
Palau State Ngchesar
89%
Tonga Division Niua
89%
Papua New Guinea Province Oro
89%
Marshall Islands Municipality Kili | Bikini | Ejit
88%
Papua New Guinea Province Southern Highlands
88%
Papua New Guinea Province Western
88%
Palau State Koror
86%
Marshall Islands Municipality Maloelap
86%
Nauru District Aiwo
85%
Federated States of Micronesia State Chuuk
85%
Marshall Islands Municipality Lib
85%
Marshall Islands Municipality Ujae
85%
Papua New Guinea Province Western Highlands
85%
Marshall Islands Municipality Ebon
84%
Samoa District Gagaʻemauga
84%
Tonga Division Haʻapai
84%
Marshall Islands Municipality Namdrik
84%
Marshall Islands Municipality Namu
84%
Nauru District Buada
83%
Tuvalu Island Nanumanga
83%
Tuvalu Island Nanumea
83%
Papua New Guinea District National Capital District
83%
France Sui Generis Collectivity New Caledonia
83%
Papua New Guinea Province New Ireland
83%
Australia State New South Wales
83%
New Zealand Country New Zealand
83%
Palau State Ngaraard
83%
Palau State Ngarchelong
83%
Palau State Ngardmau
83%
Palau State Ngatpang
83%
Palau State Ngeremlengui
83%
Palau State Ngiwal
83%
New Zealand Association Niue
83%
Tuvalu Island Niulakita
83%
Tuvalu Island Niutao
83%
Australia Overseas Territory Norfolk Island
83%
Fiji Region Northern
83%
Australia Territory Northern Territory
83%
Tuvalu Island Nui
83%
Tuvalu Island Nukufetau
83%
Tuvalu Island Nukulaelae
83%
Samoa District Satupaʻitea
83%
Nauru District Uaboe
83%
Palau State Hatohobei
82%
France Collectivity French Polynesia
81%
Samoa District Aʻana
80%
Samoa District Aiga-i-le-Tai
80%
Marshall Islands Municipality Ailinglaplap
80%
Marshall Islands Municipality Ailuk
80%
Palau State Aimeliik
80%
Palau State Airai
80%
Nauru District Anabar
80%
Nauru District Anetan
80%
Nauru District Anibare
80%
Marshall Islands Municipality Arno
80%
Samoa District Atua
80%
Marshall Islands Municipality Aur
80%
Solomon Islands Territory Capital Territory
80%
Solomon Islands Province Rennell and Bellona
80%
Fiji Region Eastern
78%
Papua New Guinea Province Eastern Highlands
78%
Papua New Guinea Province East New Britain
78%
Papua New Guinea Province East Sepik
78%
Papua New Guinea Province Enga
78%
Tonga Division ʻEua
78%
Nauru District Ewa
78%
Papua New Guinea Province Sandaun
78%
Solomon Islands Province Makira-Ulawa
77%
Palau State Peleliu
77%
Australia Territory Australian Capital Territory
75%
Tuvalu Island Funafuti
72%
Vanuatu Province Shefa
72%
Palau State Sonsorol
72%
Australia State South Australia
72%
Samoa District Gagaʻifomauga
70%
Vanuatu Province Sanma
70%
Nauru District Yaren
70%
Solomon Islands Province Isabel
69%
United States State Hawaii
67%
Papua New Guinea Province Hela
67%
Marshall Islands Municipality Rongelap
67%
Nauru District Denigomodu
65%
Marshall Islands Municipality Majuro
65%
Marshall Islands Municipality Mejit
65%
Marshall Islands Municipality Mili
65%
Marshall Islands Municipality Jabat
64%
Marshall Islands Municipality Jaluit
64%
Australia Territory Jervis Bay
64%
Papua New Guinea Province Jiwaka
64%
Federated States of Micronesia State Kosrae
64%
Marshall Islands Municipality Kwajalein
64%
Vanuatu Province Tafea
64%
Australia State Tasmania
64%
Solomon Islands Province Temotu
64%
Tonga Division Tongatapu
64%
Vanuatu Province Torba
64%
Samoa District Tuamasaga
64%
Marshall Islands Municipality Utirik
64%
France Collectivity Wallis and Futuna
64%
Fiji Region Western
64%
Solomon Islands Province Western
64%
Australia State Western Australia
64%
Papua New Guinea Province West New Britain
64%
Indonesia Province West Papua
64%
Marshall Islands Municipality Wotho
64%
Marshall Islands Municipality Wotje
64%
Nauru District Ijuw
63%
Australia State Queensland
63%
Nauru District Baitsi
61%
Nauru District Boe
61%
Papua New Guinea Region Bougainville
61%
Solomon Islands Province Guadalcanal
61%
United States Territory Guam
61%
Papua New Guinea Province Gulf
61%
Papua New Guinea Province Madang
61%
Solomon Islands Province Malaita
61%
Vanuatu Province Malampa
61%
Papua New Guinea Province Manus
61%
Palau State Melekeok
61%
Nauru District Meneng
61%
Papua New Guinea Province Milne Bay
61%
Papua New Guinea Province Morobe
61%
Marshall Islands Municipality Lae
59%
Marshall Islands Municipality Likiep
59%
Fiji Region Central
58%
Papua New Guinea Province Central
58%
Solomon Islands Province Central
58%
Solomon Islands Province Choiseul
58%
New Zealand Association Cook Islands
58%
Samoa District Palauli
58%
Indonesia Province Papua
58%
Vanuatu Province Penama
58%
United Kingdom Territory Pitcairn Islands
58%
Federated States of Micronesia State Pohnpei
58%
Fiji Dependency Rotuma
56%
Samoa District Vaisigano
48%
Tuvalu Island Vaitupu
48%
Tonga Division Vavaʻu
48%
Australia State Victoria
48%
Federated States of Micronesia State Yap
47%
No matching quizzes found
Score Distribution
Percent of People with Each Score
Percentile by Number Answered
Your Score History
You have not taken this quiz